Clerks of Works as co-ordinators (Record no. 75835)
[ view plain ]
| 000 -LEADER | |
|---|---|
| fixed length control field | 01152cab a2200205 4500 |
| 001 - CONTROL NUMBER | |
| control field | L130851 |
| 008 - FIXED-LENGTH DATA ELEMENTS--GENERAL INFORMATION | |
| fixed length control field | 050906n2005 000 0 eng u |
| 035 ## - SYSTEM CONTROL NUMBER | |
| System control number | (Sirsi) u130851 |
| 041 0# - LANGUAGE CODE | |
| Language code of text/sound track or separate title | eng |
| 100 1# - MAIN ENTRY--PERSONAL NAME | |
| Personal name | O'Driscoll, Roderick |
| 245 00 - TITLE STATEMENT | |
| Title | Clerks of Works as co-ordinators |
| 260 ## - PUBLICATION, DISTRIBUTION, ETC. | |
| Date of publication, distribution, etc. | 2005 |
| 490 #0 - SERIES STATEMENT | |
| Series statement | Site Recorder |
| Volume/sequential designation | 123(4169) September 2005, 4(1) |
| 520 ## - SUMMARY, ETC. | |
| Summary, etc. | First in a series of articles looking at the proposed changes to the CDM regulations and the Construction (Health, Safety and Welfare) Regulations 1996. Considers proposals that the clerk of works would be the best to be what is known as the co-ordinator. Outlines what the work of the co-ordinator would be and what experience and qualifications would be required. The clerk of works fits most of the requirements. However there may be some dispute as to his competency where the co-ordinator needs to harmonise the various designs involved in the project. |
| 590 ## - LOCAL NOTE (RLIN) | |
| Local note | IKA130905 |
| 650 ## - SUBJECT ADDED ENTRY--TOPICAL TERM | |
| Topical term or geographic name entry element | CONSTRUCTION (DESIGN AND MANAGEMENT) REGULATIONS 1994 |
| 650 ## - SUBJECT ADDED ENTRY--TOPICAL TERM | |
| Topical term or geographic name entry element | CONSTRUCTION (HEALTH, SAFETY AND WELFARE) REGULATIONS 1996 |
| 690 ## - LOCAL SUBJECT ADDED ENTRY--TOPICAL TERM (OCLC, RLIN) | |
| Topical term or geographic name as entry element | Health and safety |
| 9 (RLIN) | 6244 |
| 942 ## - ADDED ENTRY ELEMENTS (KOHA) | |
| Suppress in OPAC | 0 |
| Withdrawn status | Lost status | Source of classification or shelving scheme | Damaged status | Not for loan | Home library | Current library | Shelving location | Date acquired | Total Checkouts | Full call number | Barcode | Date last seen | Copy number | Price effective from | Koha item type |
|---|---|---|---|---|---|---|---|---|---|---|---|---|---|---|---|
| Dewey Decimal Classification | London | London | Journal article | 06/09/2005 | L130851 | 130851-1001 | 06/08/2019 | 1 | 06/08/2019 | Journal article |